=LDR 00000nam 2200000 4500 =001 INLIS000000000054757 =005 20200224072749 =035 ##$$a 0010-0220000319 =007 ta =008 200224###########################0#ind## =020 ##$$a 978-602-6328-00-7 =082 ##$$a 650.1 =084 ##$$a 650.1 Bri b =245 1#$$a Building Meaningful Startup /$c Brilliant Yotenega =250 ##$$a Cet 1 =300 ##$$a viii, 192 halaman : $b Ilustrasi ; $c 24 Cm. =650 #4$$a Sukses =700 #$$a Editor ; Fachmy Casofa =264 ##$$a Solo :$b Metagraf,$c 2016 =336 ##$$a teks$2 rdacontent =337 ##$$a lain-lain$2 rdamedia =338 ##$$a lain-lain$2 rdacarrier =990 ##$$a 12851285 =990 ##$$a 12851285